| 000 | 00738cam a22001815a 4500 | ||
|---|---|---|---|
| 001 | L137863 | ||
| 008 | 070502s2007 xxk f 000 0 eng d | ||
| 035 | _a(Sirsi) u137863 | ||
| 041 | 0 | _aeng | |
| 245 | 0 | 0 | _aContinental drift flavours new Asian market |
| 260 | _c2007 | ||
| 490 | 0 |
_aGlobal Property _vMarch 2007, 8-10(3) |
|
| 520 | _aDiscusses the globalisation of the real estate investment and the extent to which foreign capital dominates markets from region to region. Discusses the foreign exchange market and the positive and negative aspects of investing in markets that are not yet established such as India and China. | ||
| 590 | _aKA | ||
| 651 | 4 | _aASIA | |
| 690 | _aPROPERTY-PROPERTY FINANCE AND INVESTMENT | ||
| 942 | _n0 | ||
| 999 |
_c78731 _d78731 |
||